Panorama del desarrollo cooperativo en Costa Rica: 1869-1920 /

Se expone una síntesis de los modelos sociales esbozados en Europa, por algunos pensadores utópicos de los siglos XVIII y XIX, con el fin de que haya una mayor comprensión para e lector de los nuevos modelos que teóricos cooperadores exponen. Otro aspecto incorporado en este tema es el de los princi...

Fuld beskrivelse

Guardado en:
Bibliografiske detaljer
Hovedforfatter: Albarracín, Priscilla
Autores Corporativos: Universidad de Costa Rica. Facultad de Ciencias Sociales. Instituto de Investigaciones Sociales, Universidad Estatal a Distancia
Andre forfattere: Roldán, Hugo
Format: Texto
Udgivet: San José: EUNED
Fag:
Tags: Tilføj Tag
Ingen Tags, Vær først til at tagge denne postø!

MARC

LEADER 00000 a a2200000 04500
001 8308
003
040
020 |a 9977-64-717-8  
022 |a 9977-64-717-8  
090 |a 0004 C776c vol.3 Tomo.2  
100 |a Albarracín, Priscilla  
110 |a Universidad de Costa Rica. Facultad de Ciencias Sociales. Instituto de Investigaciones Sociales  
245 |a Panorama del desarrollo cooperativo en Costa Rica: 1869-1920 /  |c Universidad de Costa Rica. Facultad de Ciencias Sociales. Instituto de Investigaciones Sociales  
260 |a San José:   |b EUNED  
300 |a pp. 469-57; v. 3  
520 |a Se expone una síntesis de los modelos sociales esbozados en Europa, por algunos pensadores utópicos de los siglos XVIII y XIX, con el fin de que haya una mayor comprensión para e lector de los nuevos modelos que teóricos cooperadores exponen. Otro aspecto incorporado en este tema es el de los principios cooperativos (voluntariedad, libre adhesión, carácter privado, empresa no mercantil, control democrático, aplicación de la idea de servicio y el desinterés,realización de uno o varios fines sociales, reparto del excedente en atención al valor del trabajo y al mayor o menor uso que se haya hecho en la sociedad, propósito de cooperativizar la mayor parte de la economía). De la misma forma, era necesario reducir el entorno del objeto sobre el que se trabaja. Expuestas las características del cooperativismo clásico, se puede apreciar de mejor forma, la organización cooperativa moderna.HMBQ/HMBQ  
650 |a COOPERATIVAS  
650 |a HISTORIA  
650 |a PUB.IIS  
650 |a DEMOCRACIA  
650 |a ASPECTOS SOCIALES  
650 |a ASPECTOS ECONOMICOS  
700 |a Roldán, Hugo  
710 |a Universidad Estatal a Distancia  
999 |c 7318  |d 7318